000 00655nam a2200277Ia 4500
005 20260324141708.0
008 008 260324s9999 xx 000 0 eng d
020 _a9780429150265
037 _aEBOOK
040 _aCRL
040 _beng
040 _cCRL
041 _2eng
041 _aeng
084 _qCRL
100 _aMasayuki Yasui; M. Anthony Verity
_91209155
245 0 _aMineral and Metal Neurotoxicology
260 _bTaylor and Francis
260 _c1996
365 _a
365 _b400
856 _uhttp://www.taylorfrancis.com/books/9780429150265
942 _cEBOOK
999 _c1812522
_d1812522